Normale Ansicht MARC-Ansicht ISBD

A Cultural History of Objects (Titelsatznr. 60919)

[ MARC ]
MARC-Details
000 -Satzkennung
Kontrollfeld mit fester Länge 01300nam a2200325 a4500
001 - Kontrollnummer
Kontrollfeld 1675693072
003 - Kontrollnummer Identifier
Kontrollfeld DE-627
005 - Datum und Zeit der letzten Transaktion
Kontrollfeld 20221026165345.0
007 - Feld mit fester Länge zur physischen Beschreibung - Allgemeine Information
Kontrollfeld mit fester Länge tu
008 - Feld mit fester Länge zur physischen Beschreibung - Allgemeine Angaben
Kontrollfeld mit fester Länge 190902m20212021xxk||||| 00| ||eng c
020 ## - Internationale Standardbuchnummer
Internationale Standardbuchnummer 9781474298810
Verknüpfung 978-1-4742-9881-0
035 ## - Systemkontrollnummer
System-Kontrollnummer (DE-627)1675693072
035 ## - Systemkontrollnummer
System-Kontrollnummer (DE-599)KXP1675693072
040 ## - Katalogisierungsquelle
Original-Katalogisierungsstelle DE-627
Katalogisierungssprache ger
Übertragungsstelle DE-627
041 ## - Sprachcode
Sprachcode des Textes/der Tonspur oder des separaten Titels eng
245 12 - Titel
Titel A Cultural History of Objects
Verfasserangabe etc. general editors: Dan Hicks and William Whyte
264 #1 - Produktion, Veröffentlichung, Distribution, Herstellung und Urheberrechtsvermerk
Herstellungs-, Veröffentlichungs- Vertriebs-, Erzeugungsort London
-- New York
-- Oxford
-- New Delhi
-- Sydney
Produzent, Herausgeber, Distributor, Hersteller Bloomsbury Academic
Datum der Herstellung, der Veröffentlichung, des Vertriebs oder des Urheberschutzvermerks 2021
300 ## - Physische Beschreibung
Umfang 1 online resource (6 Bände)
336 ## - Inhaltstyp
Quelle rdacontent
Inhaltstypterm Text
Inhaltstypcode txt
337 ## - Medientyp
Quelle rdamedia
Bezeichnung des Medientyps Computermedien
Medientypcode bc
338 ## - Datenträgertyp
Quelle rdacarrier
Datenträgertypbezeichnung Online Ressource
Datenträgertypcode cr
490 0# - Gesamttitelangabe
Gesamttitelangabe The cultural histories series
500 ## - Allgemeine Fußnote
Allgemeine Fußnote E-Book-ProQuest / Fernzugriff nach Registrierung möglich
500 ## - Allgemeine Fußnote
Allgemeine Fußnote URL siehe Bände
655 #7 - Indexierungsterm - Genre/Form
Genre/Form oder fokussierter Term Aufsatzsammlung
IDN des Normdatensatzes
--
--
Quelle der Ansetzung oder des Terms gnd-content
Koha-Normdatenidentnummer 210
700 1# - Nebeneintragung - Personenname
Personenname Hicks, Dan
Datumsangaben in Verbindung mit einem Namen 1972-
Funktionsbezeichnung HerausgeberIn
IDN des Normdatensatzes oder Standardnummer (DE-588)133681416
-- (DE-627)550688218
-- (DE-576)256779155
Funktionsbezeichnungscode edt
Koha-Normdatenidentnummer 15707
700 1# - Nebeneintragung - Personenname
Personenname Whyte, William
Funktionsbezeichnung HerausgeberIn
IDN des Normdatensatzes oder Standardnummer (DE-588)1053155794
-- (DE-627)789643421
-- (DE-576)408913010
Funktionsbezeichnungscode edt
Koha-Normdatenidentnummer 15708
942 ## - Zusätzliche Felder (Koha)
Klassifikation oder Aufstellungssystematik Andere/Generische Klassifikation
Koha-Medientyp E-Books
Exemplare
Ausgeschieden Verloren Klassifikation oder Aufstellungssystematik Beschädigt Nicht entleihbar Heimatbibliothek Aufenthaltsbibliothek Aufstellungsort Erwerbungsdatum Inventarnummer Signatur Barcode Letzte Aktivität Preis gültig von Koha-Medientyp
    Andere/Generische Klassifikation     MWN Osteuropa MWN Osteuropa Online-Ressource 24/10/2022 22-e01372 E-22-e01372 62566 24/10/2022 24/10/2022 E-Books